[Event "CZE-tht Extraliga 2017-18"]
[Site "Czech Republic"]
[Date "2017.12.03"]
[Round "4.7"]
[White "Jansa, Vlastimil"]
[Black "Vlasak, Lukas"]
[Result "1/2-1/2"]
[WhiteElo "2425"]
[BlackElo "2351"]
[Annotator "TA"]
[PlyCount "138"]
[EventDate "2017.??.??"]
[EventType "team-tourn"]
[EventCountry "CZE"]
[SourceTitle "playchess.com"]
[Source "ChessBase"]
[SourceQuality "1"]

{[%evp 33,138,0,0,0,8,8,8,8,8,8,8,0,8,0,0,0,0,0,8,8,8,8,8,8,23,23,23,23,32,23,43,21,50,50,49,59,50,50,448,447,404,394,876,660,852,76,87,38,39,40,254,76,76,76,91,98,86,76,76,76,76,76,76,76,155,149,102,46,76,76,76,8,16,9,9,16,16,16,16,17,17,17,33,8,12,0,0,0,0,0,0,0,8,8,8,8,8,8,8,8,8,8,8,8,8,8,8]} 1. e4 c5 2. Nf3 d6 3. d4 cxd4 4. Nxd4 Nf6 5. Nc3 g6 6. g3 Nc6 7. Nde2 Bg7 8. Bg2 O-O 9. O-O Rb8 10. a4 a6 11. Nd5 b5 12. axb5 axb5 13. Be3 {B70: Sicilian Dragon: 6 g3 and 6 Be2 (without a later Be3)} (13. Bg5 Nd7 14. Qc1 Re8 15. h3 b4 16. Ra2 Nc5 17. b3 Ba6 18. Qd2 Bb5 19. Rd1 Qc8 20. Re1 Rb7 {0-1 (50) Oparin,G (2572)-Artemiev,V (2674) Moscow 2016}) 13... b4 14. Nd4 Nxd4 15. Bxd4 Nxd5 16. exd5 Bxd4 17. Qxd4 Bf5 {LiveBook: 3 Games} 18. Be4 {[#]} Qb6 $146 ({Predecessor:} 18... Bxe4 19. Qxe4 Qd7 20. b3 Rfc8 {½-½ (38) Atlas,V (2470)-Zontakh,A (2535) Eupen 1999}) 19. Qxb6 Rxb6 20. Bxf5 gxf5 $11 {[%mdl 4096] Endgame KRR-KRR} 21. Ra7 Re8 22. Rd1 Rb5 23. Rd4 Kg7 24. Rc7 Kf6 25. Rcc4 Reb8 26. Kf1 Ke5 27. Ke2 h5 28. b3 R8b6 29. Rh4 Kxd5 30. Rxh5 Ke6 31. Rh6+ f6 32. Rh7 {And now Rc7 would win.} Re5+ 33. Kf3 {Black must now prevent Rc7.} Rc5 34. Rxc5 dxc5 $14 {KR-KR} 35. h4 {[%cal Bh2h4,Bh4h5,Bh5h6][%mdl 32]} c4 $2 {[%mdl 8192]} (35... Rd6 $14) 36. h5 $18 cxb3 37. cxb3 Rb8 $2 (37... Rc6 38. h6 Rc1) 38. h6 Rg8 {[#]} 39. Ke3 $2 (39. Rg7 $1 $18 {[%cal Rg7g8]} Rxg7 40. hxg7) 39... Rg6 $16 40. Kd4 f4 $1 {[%cal Rf4g3]} 41. gxf4 Kf5 $2 (41... Rg2 $14) 42. Ke3 $2 ({Less strong is} 42. Rxe7 Rxh6 43. Ke3 Rh3+ 44. f3 Rh8 $16) (42. Kc4 $18 {and White stays clearly on top.}) 42... Rg1 43. Rg7 Rb1 {[#]} 44. Kf3 $1 {[%cal Rf3g2]} Rh1 45. h7 e6 46. Rb7 Rh3+ 47. Kg2 Rh6 48. Kg3 Rg6+ (48... e5 $142) 49. Kf3 Rh6 50. Rb5+ (50. Ke3 $16) 50... e5 51. fxe5 fxe5 52. Rxb4 ({White should try} 52. Rb7 $16) 52... Rxh7 $11 53. Ke3 Rh1 54. Rb8 Re1+ 55. Kd2 Rf1 56. Kc3 Ke4 57. Rf8 Kd5 58. Kb4 e4 {The position is equal.} 59. Kb5 Kd6 60. Rf4 Ke5 61. Rf8 Kd6 62. Rd8+ Kc7 63. Rd2 {Threatens to win with Rc2+.} Re1 $1 64. b4 e3 $1 {[%cal Re3d2]} 65. fxe3 Rxe3 66. Rh2 Re6 67. Rh7+ Kb8 68. Ka5 Rg6 69. b5 Rf6 {Precision: White = 52%, Black = 56%.} 1/2-1/2

[Event "CZE-tht Extraliga 2017-18"]
[Site "Czech Republic"]
[Date "2017.12.03"]
[Round "4.7"]
[White "Bures, Jaroslav"]
[Black "Roubalik, Jakub"]
[Result "1/2-1/2"]
[WhiteElo "2387"]
[BlackElo "2400"]
[Annotator "TA"]
[PlyCount "98"]
[EventDate "2017.??.??"]
[EventType "team-tourn"]
[EventCountry "CZE"]
[SourceTitle "playchess.com"]
[Source "ChessBase"]
[SourceQuality "1"]

{[%evp 11,98,0,27,0,0,0,0,0,0,-33,-8,0,0,-33,0,0,0,0,20,0,0,0,0,-88,-73,-104,-85,-143,-139,-154,0,-8,-7,0,-3,0,0,0,14,10,14,-37,-35,-35,-39,-29,0,0,0,-76,-80,-75,-79,-123,-39,-57,0,0,70,-37,-59,-73,-60,-45,0,0,0,-8,0,0,0,0,0,0,0,0,0,0,0,0,0,0,0,0,0,0,0,0,0]} 1. d4 Nf6 2. c4 e6 3. Nc3 Bb4 4. f3 c5 5. d5 d6 6. e4 b5 {LiveBook: 7 Games. E20: Nimzo-Indian: 4 g3 and 4 f3} (6... O-O 7. Nge2 b5 8. Ng3 exd5 9. cxd5 a6 10. a4 Ba5 11. Be2 Nbd7 12. O-O c4 13. Kh1 Rb8 14. axb5 axb5 15. Nf5 Nc5 16. Rxa5 Qxa5 {1-0 (37) Mamedyarov,S (2772)-Li,R (2577) chess.com INT 2017}) 7. dxe6 Bxe6 8. cxb5 $146 ({Predecessor:} 8. Bf4) 8... d5 9. exd5 Nxd5 10. Bd2 O-O (10... Bxc3 $5 11. bxc3 Nd7 $11) 11. Nxd5 Bxd5 (11... Qxd5 12. Bxb4 cxb4 13. Qxd5 $16) 12. Bxb4 Re8+ ({Better is} 12... Qh4+ $15 13. g3 Qxb4+ 14. Qd2 Re8+ 15. Be2 Nd7) 13. Be2 $11 cxb4 14. Qd4 Qg5 15. Kf2 Nd7 16. h4 Qf5 17. Rd1 {[#]} (17. Bd3 $11 Qe6 18. Nh3) 17... Nf6 $1 $17 18. Bd3 Be4 19. Ne2 (19. Nh3 $142) 19... Bxd3 20. Qxd3 {[#]} Qc5+ (20... Ne4+ $1 $17 21. Kf1 Qf6) 21. Nd4 $11 Rad8 22. Rhe1 Rxe1 23. Kxe1 Qe5+ 24. Qe2 Qf4 {Hoping for ...Re8.} 25. Qf2 Nh5 26. g4 (26. Ne2 $11 Re8 27. Kf1) 26... Ng3 $15 {And now ...Re8+ would win.} 27. Rd2 $1 h5 28. gxh5 $1 Qxh4 29. Kd1 $1 Qf4 30. Nb3 (30. h6 $11 {remains equal.}) 30... Re8 31. Rd4 Qe5 32. h6 g6 ({But not} 32... gxh6 $2 33. Rg4+ Kh7 34. Rxg3 $18) ({Black should try} 32... Qxb5 $17 {Threatens to win with ...Nf5.} 33. Nc1 Nf5) 33. Rxb4 Nf5 (33... Qd5+ $15 34. Rd4 Qxb5) 34. Kc1 $11 Qd6 (34... Qd5 $1 $11 35. Qd2 Qxf3) 35. a3 ({White should play} 35. Qd2 $14) 35... Qd3 $1 $15 {( -> ...Ne3)} 36. Nc5 Rc8 {White must now prevent ...Ne3.} 37. Re4 Qxb5 38. b4 $1 {The position is equal.} Nxh6 39. Qe2 $132 {[%mdl 2048] White has counterplay} Qc6 40. Kb2 Nf5 41. Qa6 Qc7 42. Kb3 Rd8 43. Qf6 Rc8 44. Rg4 Ng7 $1 45. Rd4 Ne6 $1 46. Rh4 {[%csl Gf6][%cal Rh4h8]} Ng7 47. Rd4 {Strongly threatening Rd7.} Ne6 {...Qc6 is the strong threat.} 48. Rh4 {[%csl Gf6][%cal Rh4h8]} Ng7 49. Rd4 {aiming for Rd7.} Ne6 {Precision: White = 57%, Black = 51%.} 1/2-1/2

[Event "CZE-tht Extraliga 2017-18"]
[Site "Czech Republic"]
[Date "2017.12.03"]
[Round "4.7"]
[White "Klima, Lukas"]
[Black "Zilka, Stepan"]
[Result "1/2-1/2"]
[WhiteElo "2308"]
[BlackElo "2517"]
[Annotator "TA"]
[PlyCount "116"]
[EventDate "2017.??.??"]
[EventType "team-tourn"]
[EventCountry "CZE"]
[SourceTitle "playchess.com"]
[Source "ChessBase"]
[SourceQuality "1"]

{[%evp 32,116,0,0,0,0,0,0,8,3,8,8,8,0,0,0,0,0,0,-10,-11,-25,37,26,71,64,68,61,80,0,22,8,8,6,8,2,5,0,13,0,0,0,0,0,0,0,0,-7,0,0,8,0,0,0,0,-24,0,-118,0,0,0,0,0,0,0,0,62,62,69,69,70,70,70,24,24,24,24,24,24,24,61,24,24,23,23,23,39]} 1. e4 e5 2. Nf3 Nc6 3. Bb5 a6 4. Ba4 Nf6 5. O-O Be7 6. Re1 b5 7. Bb3 O-O 8. d4 d6 9. c3 Bg4 10. Be3 exd4 11. cxd4 Na5 12. Bc2 Nc4 13. Bc1 c5 14. b3 Nb6 15. d5 {C91: Closed Ruy Lopez: 7...d6 8 c3 0-0 9 d4} (15. Nbd2 Rc8 16. Bb2 Nfd7 17. Qb1 g6 18. h3 Bxf3 19. Nxf3 cxd4 20. Nxd4 Bf6 21. Qd1 Ne5 22. Rc1 Bg5 23. Rb1 {½-½ (53) Giri,A (2778)-Carlsen,M (2850) London 2015}) 15... Nfd7 {[%cal Bf6d7,Bd7e5,Be5f3][%mdl 32]} 16. Nbd2 Bf6 17. Rb1 {LiveBook: 5 Games. The position is equal.} Ne5 18. h3 $1 {[%cal Rh3g4]} Nxf3+ 19. Nxf3 Bxf3 $146 ({Predecessor:} 19... Bh5 20. g4 Bg6 21. Nh2 Bc3 22. Re2 b4 {1-0 (42) Bielczyk,J (2375)-Dobrzynski,W Sandomierz 1976}) 20. Qxf3 Re8 21. Bd2 Nd7 22. g3 c4 23. bxc4 Ne5 24. Qd1 Nxc4 25. Bc1 Qa5 26. Bb3 Na3 ({Better is} 26... Rac8 $11) 27. Bd2 $14 Bc3 28. Bxc3 Qxc3 29. Rc1 Qb4 {[#]} 30. Qf3 (30. e5 $1 $16) 30... Re5 31. Qc3 Qxc3 32. Rxc3 f5 33. Rc6 a5 34. Rxd6 {With the idea Rc6.} a4 35. Bd1 Rae8 $1 36. Rd7 Rxe4 37. Rxe4 Rxe4 $11 {[%mdl 4096] Endgame KRB-KRN} 38. Bf3 (38. Kf1 {with more complications.} Rd4 39. Be2 g6 40. d6 h6 41. Bf3) 38... Rd4 $1 39. Rb7 Kf8 40. Kf1 g5 41. Rxh7 Nb1 42. Rb7 Nc3 43. Bh5 b4 44. d6 (44. Rf7+ $11 Kg8 45. Rxf5) 44... b3 (44... Nxa2 $17 {...b3 is the strong threat.} 45. Rf7+ Kg8 46. Rxf5 Nc3 47. Rxg5+ Kf8 48. Rf5+ Kg7) 45. axb3 a3 {Threatens to win with ...a2.} 46. Rf7+ Kg8 47. Ra7 ({Don't go for} 47. Rxf5 $2 a2 $19) 47... a2 {aiming for ...Na4!} 48. b4 $1 {And now Bf7+ would win.} Kh8 ({Black should play} 48... Kf8 $11) 49. Kg2 $1 $14 {Hoping for Bf7.} Rxd6 {Black wants to play ...Rd7!} 50. Bf7 $1 {[%cal Rf7a2]} Rd2 {[#]} 51. b5 $1 {[%mdl 512]} Rb2 (51... Nxb5 52. Rxa2) 52. b6 (52. Bc4 {looks sharper.} Rb4 53. Bxa2 Nxa2 54. Rxa2 Rxb5 55. Ra7) 52... Rxb6 53. Bxa2 Nxa2 54. Rxa2 $11 {KR-KR} Kg7 55. Ra4 Rb2 56. Ra6 Rc2 {White has an edge.} 57. Rd6 Ra2 58. Kf3 Kf7 {Precision: White = 58%, Black = 57%.} 1/2-1/2

[Event "CZE-tht Extraliga 2017-18"]
[Site "Czech Republic"]
[Date "2017.12.03"]
[Round "4.7"]
[White "Kolar, Pavel"]
[Black "Pulpan, Jakub"]
[Result "0-1"]
[WhiteElo "2189"]
[BlackElo "2401"]
[Annotator "TA"]
[PlyCount "94"]
[EventDate "2017.??.??"]
[EventType "team-tourn"]
[EventCountry "CZE"]
[SourceTitle "playchess.com"]
[Source "ChessBase"]
[SourceQuality "1"]

{[%evp 30,94,-11,-60,-53,-60,-25,-204,-204,-175,-6,0,-4,-185,-183,-185,-172,-175,-84,-139,-149,-226,-229,-228,-213,-265,-139,-136,-143,-149,-148,-135,-120,-413,-426,-396,-401,-394,-390,-485,-492,-496,-479,-640,-497,-704,-570,-700,-689,-1148,-709,-1174,-1119,-29983,-29984,-29984,-29985,-29987,-29988,-29983,-29967,-6179,-6195,-29989,-29990,-29993,-29994]} 1. e4 c5 2. Nf3 d6 3. d4 cxd4 4. Nxd4 Nf6 5. Nc3 a6 6. Bg5 e6 7. f4 h6 8. Bh4 Qb6 9. Qd2 Qxb2 10. Rb1 Qa3 11. e5 dxe5 {B97: Sicilian Najdorf: Poisoned Pawn} 12. fxe5 Nfd7 13. Ne4 Qxa2 14. Rd1 Qd5 15. Qe3 Qxe5 16. Be2 {LiveBook: 264 Games} Bc5 $1 17. Bg3 $1 {[%cal Rg3e5]} Qd5 {[#] Threatens to win with ...0-0.} (17... Bxd4 $5 18. Rxd4 Qa5+ 19. Rd2 O-O $15) 18. Nc3 $146 (18. c4 $11 Bxd4 19. Rxd4 Qa5+ 20. Rd2) ({Predecessor:} 18. c4 Bxd4 19. Rxd4 {½-½ (52) Radjabov,T (2696)-Giri,A (2767) Novi Sad 2016}) 18... Qg5 $1 $19 {[%cal Rg5e3]} ({Don't take} 18... Qxg2 19. Rg1 $17) 19. Bf4 Qe7 $2 ({Wrong is} 19... Qxg2 $2 20. Rg1 $16) (19... Qh4+ $1 $19 20. Bg3 Qe7) 20. Qg3 $11 g5 21. Be3 $2 (21. Bc7 $1 $11 {and White is okay.}) 21... Bb4 $19 22. Bd2 Qc5 23. Nb3 Qd6 (23... Qe5 $19 {has better winning chances. ...Nc6 is the strong threat.} 24. Qxe5 Nxe5) 24. Qf2 ({White should play} 24. Qf3) 24... Qb6 $17 25. Qf3 (25. Qg3 $17 {was worth a try.}) 25... Nc6 $1 $19 26. Ne4 Nce5 27. Qg3 a5 (27... f5 $19 28. Bxb4 Qxb4+ 29. Ned2 f4) 28. c3 $17 Be7 29. Nd4 f5 30. Bh5+ Kd8 31. Bxg5 $2 {[%mdl 8192]} (31. Be3 $17 {was the only chance.} f4 32. Qh3) 31... hxg5 $19 ({Less strong is} 31... Bxg5 32. Nc5 $1 $17 {[%mdl 512]}) 32. Qxe5 Rxh5 (32... Rh6 $2 33. Ng3 $19) 33. Nxe6+ Ke8 {[%cal Bd8e8,Be8f7,Bf7g7,Bg7f8][%mdl 32]} 34. Nc7+ {[#]} Kf7 $1 35. Qd5+ Kg7 36. Ne8+ Kf8 37. N4d6 (37. N8d6 $142 Qe3+ 38. Kf1 Qf4+ 39. Ke2 Bxd6 40. Nxd6 Qe5+ 41. Qxe5 Nxe5 42. h3) 37... Qe3+ 38. Kf1 {[%csl Gd6][%cal Rd5f7]} Ne5 39. Nc7 Rh6 40. Nxc8 Rxc8 41. Ne6+ {[#]} Rxe6 $1 42. Qxe6 Qf4+ 43. Ke1 Rxc3 44. Qh6+ Kg8 45. Qe6+ Nf7 {( -> ...Rc2)} 46. Ke2 Qg4+ 47. Kd2 Qd4+ {Precision: White = 36%, Black = 58%.} 0-1

[Event "CZE-tht Extraliga 2017-18"]
[Site "Czech Republic"]
[Date "2017.12.03"]
[Round "4.8"]
[White "Jirovsky, Milos"]
[Black "Musil, Martin"]
[Result "1/2-1/2"]
[WhiteElo "2446"]
[BlackElo "1997"]
[Annotator "TA"]
[PlyCount "136"]
[EventDate "2017.??.??"]
[EventType "team-tourn"]
[EventCountry "CZE"]
[SourceTitle "playchess.com"]
[Source "ChessBase"]
[SourceQuality "1"]

{[%evp 24,136,23,13,63,51,64,56,64,61,69,57,57,57,57,55,79,46,64,54,53,30,27,21,37,11,60,0,18,21,28,24,28,36,35,45,47,31,31,42,31,31,36,32,31,31,31,31,38,31,36,45,36,31,46,0,0,0,0,0,0,0,0,0,0,0,0,0,0,0,0,0,0,0,0,0,0,0,0,0,0,0,0,0,0,0,0,0,0,0,0,0,0,0,0,0,0,0,0,0,0,0,0,0,0,0,0,0,0,0,0,0,0,0,0]} 1. Nf3 d5 2. c4 e6 3. g3 Nf6 4. Bg2 Be7 5. O-O O-O 6. d4 Nbd7 7. Qc2 Re8 8. Rd1 c6 9. b3 b6 10. Nbd2 Bb7 11. e4 dxe4 12. Nxe4 Nxe4 13. Qxe4 {LiveBook: 6 Games} Bf6 {E09: Closed Catalan: Main Line: 7 Qc2 c6 8 Nbd2} (13... Nf6 14. Qc2 Qc7 15. Bf4 Bd6 16. Bxd6 Qxd6 17. c5 bxc5 18. dxc5 Qe7 19. a3 a5 20. Nd2 Nd5 21. Ne4 {1-0 (63) Feller,S (2570)-Battaglini,G (2398) Paris 2010}) 14. Bf4 Qe7 15. Ne5 Rac8 {White is slightly better.} 16. Rac1 Red8 $146 ({Predecessor:} 16... Ba8 17. c5 Bxe5 18. Bxe5 Nxe5 19. Qxe5 Bb7 20. b4 f6 21. Qe3 {1-0 (43) Poeta,C (2023)-Maciel,D (1950) Sao Paulo 2017}) 17. Ng4 Bg5 18. h4 Bxf4 19. Qxf4 h5 20. Ne3 Nf6 21. Qg5 Rc7 {[%cal Bc8c7,Bc7d7,Bd7d6][%mdl 32]} 22. Rd2 Rcd7 23. Rcd1 g6 24. Bf3 Nh7 25. Qh6 (25. Qxe7 $14 Rxe7 26. c5) 25... Qf8 (25... Qf6 {with more complications.} 26. Bg2 Qg7 27. Qxg7+ Kxg7 28. f4 Nf6) 26. Qf4 Qd6 27. Qxd6 Rxd6 28. b4 e5 {[%cal Rd6d4]} 29. d5 cxd5 30. Bxd5 Bxd5 31. Rxd5 Rxd5 32. Rxd5 Rxd5 33. Nxd5 $14 {[%mdl 4096] Endgame KN-KN} ({But not} 33. cxd5 Nf6 $15) 33... Kf8 $1 34. f4 exf4 35. gxf4 Ke8 $1 36. Kf2 Kd7 37. Ke3 f6 38. Kd4 g5 39. Nxf6+ Nxf6 {The position is equal.} 40. fxg5 {KN-KP} Ne8 41. Ke5 Ke7 42. c5 bxc5 43. bxc5 a5 44. Kf5 {[#] Kg6 is the strong threat.} Kf7 45. g6+ Kg7 46. Kg5 a4 47. a3 Nc7 48. c6 Ne6+ 49. Kxh5 Nf4+ 50. Kg4 Nxg6 $11 {KN-K3P} 51. c7 Ne7 52. Kf3 Kf6 53. Ke4 Ke6 54. h5 Kf6 55. Kd4 Kg5 56. Kc5 Kxh5 {KN-KPP} 57. Kd6 Nc8+ 58. Kd7 Nb6+ 59. Kc6 Nc8 60. Kb5 Kg6 61. Kxa4 Kf7 62. Kb5 Ke6 63. Ka6 Kd7 64. Kb7 Nd6+ 65. Kb8 Kc6 66. a4 Kb6 67. c8=N+ Nxc8 68. Kxc8 Ka5 {Precision: White = 72%, Black = 83%.} 1/2-1/2

[Event "CZE-tht Extraliga 2017-18"]
[Site "Czech Republic"]
[Date "2017.12.03"]
[Round "4.8"]
[White "Vyskocil, Neklan"]
[Black "Jasny, Stanislav"]
[Result "0-1"]
[WhiteElo "2321"]
[BlackElo "2362"]
[Annotator "RC"]
[PlyCount "144"]
[EventDate "2017.??.??"]
[EventType "team-tourn"]
[EventCountry "CZE"]
[SourceTitle "playchess.com"]
[Source "ChessBase"]
[SourceQuality "1"]
[TimeControl "40/5400+30:1800+30"]

1. e4 {[%emt 0:00:00]} d6 {[%emt 0:00:19]} 2. d4 {[%emt 0:00:00]} Nf6 {[%emt 0:00:06]} 3. Nc3 {[%emt 0:00:00]} g6 {[%emt 0:00:06]} 4. Bc4 {[%emt 0:00:43]} Bg7 {[%emt 0:01:32]} 5. Qe2 {[%emt 0:00:10]} c6 {[%emt 0:05:44]} 6. e5 {[%emt 0:00:24]} dxe5 {[%emt 0:02:23]} 7. dxe5 {[%emt 0:00:04]} Nd5 {[%emt 0:00:11]} 8. Bd2 {[%emt 0:00:28]} O-O {[%emt 0:01:14]} 9. O-O-O {[%emt 0:00:21]} Na6 {[%emt 0:13:42]} 10. Nf3 {[%emt 0:14:59]} Nac7 {[%emt 0:01:00]} 11. Rhe1 {[%emt 0:02:56]} b5 {[%emt 0:04:45]} 12. Bxd5 {[%emt 0:11:30]} Nxd5 {[%emt 0:02:26]} 13. Kb1 {[%emt 0:00:21]} Nxc3+ {[%emt 0:06:31]} 14. Bxc3 {[%emt 0:00:10]} Qb6 {[%emt 0:00:06]} 15. Qd2 {[%emt 0:09:37]} c5 {[%emt 0:06:32]} 16. e6 {[%emt 0:04:42]} Bxe6 {[%emt 0:01:13]} 17. Bxg7 {[%emt 0:00:17]} Kxg7 {[%emt 0:00:32]} 18. Ng5 {[%emt 0:00:38]} Rad8 {[%emt 0:04:33]} 19. Qc3+ {[%emt 0:01:26]} Kg8 {[%emt 0:01:12]} 20. Nxe6 {[%emt 0:04:47]} fxe6 {[%emt 0:08:33]} 21. Rxd8 {[%emt 0:23:31]} Rxd8 {[%emt 0:00:29]} 22. b3 {[%emt 0:06:48]} Rd6 {[%emt 0:06:56]} 23. h4 {[%emt 0:07:49]} c4 {[%emt 0:03:54]} 24. Re3 {[%emt 0:02:36]} Qc5 {[%emt 0:10:11]} 25. b4 {[%emt 0:01:33]} Qd4 {[%emt 0:01:46]} 26. Qxd4 {[%emt 0:02:47]} Rxd4 {[%emt 0:00:04]} 27. g3 {[%emt 0:00:18]} Kf7 {[%emt 0:01:31]} 28. Kb2 {[%emt 0:00:39]} a6 {[%emt 0:02:46]} 29. Rf3+ {[%emt 0:01:42]} Ke8 {[%emt 0:02:37]} 30. Re3 {[%emt 0:01:28]} Rd6 {[%emt 0:00:18]} 31. Kc3 {[%emt 0:00:40]} h5 {[%emt 0:01:29]} 32. a4 {[%emt 0:00:33]} Kd7 {[%emt 0:00:35]} 33. axb5 {[%emt 0:01:45]} axb5 {[%emt 0:00:04]} 34. Rf3 {[%emt 0:00:04]} e5 {[%emt 0:01:07]} 35. Rf8 {[%emt 0:00:24]} Rf6 {[%emt 0:00:36]} 36. Rb8 {[%emt 0:00:11]} Rf3+ {[%emt 0:00:56]} 37. Kb2 {[%emt 0:00:02]} Kc6 {[%emt 0:02:16]} 38. Rg8 {[%emt 0:01:22]} Rxf2 {[%emt 0:00:58]} 39. Rxg6+ {[%emt 0:00:11]} Kd5 {[%emt 0:00:08]} 40. Rg5 {[%emt 0:01:15]} Rg2 41. Rxh5 {[%emt 0:01:59]} Rxg3 {[%emt 0:10:19]} 42. Rh7 {[%emt 0:01:25]} Kd6 {[%emt 0:04:13]} 43. Rh6+ {[%emt 0:02:50]} e6 {[%emt 0:00:33]} 44. Rh8 {[%emt 0:07:30]} Rh3 {[%emt 0:00:10]} 45. Rd8+ {[%emt 0:03:24]} Kc6 {[%emt 0:01:18]} 46. Rc8+ {[%emt 0:02:32]} Kd5 {[%emt 0:00:09]} 47. Rd8+ {[%emt 0:01:32]} Ke4 {[%emt 0:00:27]} 48. Re8 {[%emt 0:02:05]} Kd4 {[%emt 0:05:57]} 49. Rd8+ {[%emt 0:01:45]} Ke3 {[%emt 0:00:29]} 50. Rb8 {[%emt 0:00:43]} e4 {[%emt 0:02:23]} 51. Rxb5 {[%emt 0:00:32]} Kf2 {[%emt 0:02:10]} 52. Re5 {[%emt 0:04:21]} e3 {[%emt 0:00:19]} 53. b5 {[%emt 0:00:45]} e2 {[%emt 0:02:47]} 54. b6 {[%emt 0:00:24]} Rxh4 {[%emt 0:00:10]} 55. Rxe6 {[%emt 0:04:20]} Rh6 {[%emt 0:05:42]} 56. b7 {[%emt 0:01:46]} Rxe6 {[%emt 0:01:34]} 57. b8=Q {[%emt 0:00:04]} e1=Q {[%emt 0:00:11]} 58. Qf4+ {[%emt 0:00:17]} Kg2 {[%emt 0:00:48]} 59. Qg4+ {[%emt 0:00:16]} Kh2 {[%emt 0:00:11]} 60. Qh5+ {[%emt 0:00:36]} Kg3 {[%emt 0:00:24]} 61. Qg5+ {[%emt 0:00:29]} Kh3 {[%emt 0:00:27]} 62. Qf5+ {[%emt 0:00:54]} Kh4 {[%emt 0:01:17]} 63. Qf4+ {[%emt 0:00:43]} Kh5 {[%emt 0:00:22]} 64. Qf5+ {[%emt 0:00:13]} Kh6 {[%emt 0:00:15]} 65. Qf4+ {[%emt 0:00:23]} Kg7 {[%emt 0:01:30]} 66. Qg4+ {[%emt 0:01:23]} Kf7 {[%emt 0:01:09]} 67. Qf5+ {[%emt 0:00:15]} Ke7 {[%emt 0:01:10]} 68. Qc5+ {[%emt 0:00:16]} Kd7 {[%emt 0:00:26]} 69. Qd5+ {[%emt 0:00:31]} Rd6 {[%emt 0:01:55]} 70. Qb7+ {[%emt 0:00:10]} Ke6 {[%emt 0:00:32]} 71. Qc8+ {[%emt 0:00:10]} Ke7 {[%emt 0:00:11]} 72. Qb7+ {[%emt 0:01:10]} Rd7 {[%emt 0:00:19]} 0-1

[Event "CZE-tht Extraliga 2017-18"]
[Site "Czech Republic"]
[Date "2017.12.03"]
[Round "4.8"]
[White "Studnicka, Tomas"]
[Black "Meduna, Eduard"]
[Result "1/2-1/2"]
[WhiteElo "2316"]
[BlackElo "2399"]
[Annotator "TA"]
[PlyCount "102"]
[EventDate "2017.??.??"]
[EventType "team-tourn"]
[EventCountry "CZE"]
[SourceTitle "playchess.com"]
[Source "ChessBase"]
[SourceQuality "1"]

{[%evp 24,102,37,36,31,37,52,52,52,39,39,37,52,42,43,45,45,37,46,46,50,46,39,37,47,47,55,62,62,62,85,85,85,85,85,0,0,0,0,0,0,0,0,0,0,0,0,0,0,0,0,0,0,0,0,0,0,0,0,0,0,0,0,0,41,0,0,0,0,0,0,0,0,0,0,0,0,0,0,0,0]} 1. Nf3 Nf6 2. c4 c6 3. Nc3 d5 4. e3 g6 5. d4 Bg7 6. Bd3 O-O 7. O-O Bf5 8. Bxf5 gxf5 9. Qb3 {D94: Grünfeld: 4 Nf3 Bg7 5 e3} (9. cxd5 cxd5 10. Qb3 b6 11. Ne5 e6 12. Bd2 Nfd7 13. Nd3 Nc6 14. Qa4 Na5 15. b3 a6 16. Ne2 Nb7 17. Qc6 Rb8 18. Rac1 a5 19. Nc3 Nf6 {½-½ (28) Harutyunian,T (2472)-Andriasian,Z (2600) Yerevan 2015}) 9... Qb6 10. Qxb6 axb6 11. cxd5 Nxd5 12. Nxd5 cxd5 13. Bd2 {LiveBook: 3 Games} Rc8 14. Rfc1 Nd7 $146 ({Predecessor:} 14... Rxc1+ 15. Rxc1 Nc6 16. a3 f4 {½-½ (16) Matlak,M (2420)-Sapis,W (2380) Katowice 1990}) 15. Rxc8+ Rxc8 16. Rc1 Rxc1+ 17. Bxc1 $14 {[%mdl 4096] Endgame KBN-KBN} e6 18. Kf1 Bf8 19. Bd2 Bd6 20. h3 h5 21. Ne1 Nb8 22. Nd3 Nc6 23. Ke2 f6 24. f4 b5 25. Bc3 Kf7 26. Kd1 b4 27. Bd2 b5 28. Kc2 Ke7 29. Nc5 ({White should try} 29. b3 $16) 29... Bxc5 $1 $11 30. dxc5 {KB-KN} e5 31. fxe5 fxe5 32. Kb3 Ke6 33. Bxb4 d4 34. Bd2 Kd5 35. exd4 Kxd4 36. a4 bxa4+ 37. Kxa4 Kxc5 38. b4+ Kb6 39. Be3+ Kb7 40. Kb5 f4 41. Bg1 e4 42. Kc4 e3 43. b5 Na7 44. g4 fxg3 {[#] And now ...e2 would win.The position is equal.} 45. Bxe3 g2 46. h4 Nc8 47. Kd5 Ne7+ 48. Ke4 Ng6 49. Kf5 Nxh4+ 50. Kg5 Nf3+ 51. Kxh5 g1=B {Precision: White = 68%, Black = 52%.} 1/2-1/2

[Event "CZE-tht Extraliga 2017-18"]
[Site "Czech Republic"]
[Date "2017.12.03"]
[Round "4.8"]
[White "Kovar, Vojtech"]
[Black "Talla, Vladimir"]
[Result "1/2-1/2"]
[WhiteElo "2266"]
[BlackElo "2395"]
[Annotator "TA"]
[PlyCount "41"]
[EventDate "2017.??.??"]
[EventType "team-tourn"]
[EventCountry "CZE"]
[SourceTitle "playchess.com"]
[Source "ChessBase"]
[SourceQuality "1"]

{[%evp 17,41,0,15,-9,-12,-11,-23,-17,-6,-37,-24,-73,-58,-106,-45,-40,-22,-25,-11,-14,-17,-22,-17,-26,-27,-21]} 1. d4 d5 2. c4 e6 3. Nc3 Be7 4. cxd5 exd5 5. Bf4 c6 6. e3 Bf5 7. Nge2 Nd7 8. Ng3 Bg6 9. Be2 {D31: Damengambit (Halbslawisch)} Nb6 {LiveBook: 6 Partien} 10. Qb3 $146 ({Vorgänger:} 10. Be5 Nf6 11. h4 h6 12. h5 Bh7 13. Bd3 O-O 14. Bxh7+ Kxh7 15. Qc2+ Kh8 16. Nf5 Nc4 {1-0 (54) Nakamura,H (2758)-Aronian,L (2802) London 2011}) 10... Nf6 11. h4 {[#] zielt auf h5 ab.Die Stellung ist ausgeglichen.} h6 12. h5 Bh7 13. Be5 O-O 14. Bxf6 Bxf6 15. Bg4 Re8 (15... Bh4 $17 {Und ...Lxg3 würde nun gewinnen.} 16. Nge2 Qg5) 16. Nce2 $15 Bh4 {Weiss muss nun ...Dg5 beachten.} 17. Bf5 Bxg3 18. Bxh7+ Kxh7 19. Nxg3 Kh8 20. Qd3 Nc4 21. b3 $1 {Precision: Weiß = 39%, Schwarz = 30%.} 1/2-1/2